[Event "Campeonato España Sub 12"]
[Site "Salobreña"]
[Date "2017.07.15"]
[Round "9"]
[White "Habans Aguerrea, Javier"]
[Black "Karunanithi, Bharath"]
[Result "1-0"]
[Board "11"]
[WhiteClock "n/a"]
[WhiteElo "1676"]
[WhiteCountry "ESP"]
[WhiteFideId "24524689"]
[WhiteEloChange "4"]
[BlackClock "n/a"]
[BlackElo "1457"]
[BlackCountry "ESP"]
[BlackFideId "24534790"]
[BlackEloChange "-4"]

1. e4 {[%clk 1:30:30]} c5 {[%clk 1:30:02]} 2. Nf3 {[%clk 1:30:30]} d6 {[%clk
1:30:02]} 3. Bb5+ {[%clk 1:29:57]} Bd7 {[%clk 1:30:02]} 4. a4 {[%clk 1:29:28]} a6
{[%clk 1:30:02]} 5. Bxd7+ {[%clk 1:28:58]} Qxd7 {[%clk 1:29:31]} 6. O-O {[%clk
1:28:58]} Nc6 {[%clk 1:28:00]} 7. d3 {[%clk 1:28:29]} Nf6 {[%clk 1:27:30]} 8. Na3
{[%clk 1:28:00]} e6 {[%clk 1:24:00]} 9. Nc4 {[%clk 1:28:00]} Qc7 {[%clk 1:24:00]}
10. Bf4 {[%clk 1:27:30]} Be7 {[%clk 1:23:30]} 11. Re1 {[%clk 1:27:30]} e5 {[%clk
1:19:59]} 12. Bg5 {[%clk 1:27:30]} O-O {[%clk 1:17:31]} 13. Bxf6 {[%clk 1:27:30]}
Bxf6 {[%clk 1:17:31]} 14. a5 {[%clk 1:26:58]} Rad8 {[%clk 1:17:31]} 15. Nb6
{[%clk 1:26:28]} Ne7 {[%clk 1:13:59]} 16. c4 {[%clk 1:20:00]} Rb8 {[%clk
1:00:29]} 17. h3 {[%clk 1:18:31]} Qd8 {[%clk 0:59:56]} 18. Nh2 {[%clk 1:18:03]}
g6 {[%clk 0:59:56]} 19. Ng4 {[%clk 1:17:30]} Bg7 {[%clk 0:59:56]} 20. Ne3 {[%clk
1:17:30]} f5 {[%clk 0:46:28]} 21. Ned5 {[%clk 1:14:59]} Nxd5 {[%clk 0:40:01]} 22.
Nxd5 {[%clk 1:13:24]} Qh4 {[%clk 0:40:01]} 23. Qe2 {[%clk 1:12:57]} Rf7 {[%clk
0:32:30]} 24. Rab1 {[%clk 1:10:29]} Rbf8 {[%clk 0:23:00]} 25. Rf1 {[%clk
1:09:53]} Qd8 {[%clk 0:17:33]} 26. Qe1 {[%clk 1:08:23]} fxe4 {[%clk 0:16:06]} 27.
dxe4 {[%clk 1:08:23]} Qc8 {[%clk 0:12:34]} 28. b4 {[%clk 1:07:53]} cxb4 {[%clk
0:11:01]} 29. Qxb4 {[%clk 1:07:53]} Qc6 {[%clk 0:11:01]} 30. f3 {[%clk 1:06:29]}
Rc8 {[%clk 0:10:29]} 31. Rfc1 {[%clk 1:05:50]} Bh6 {[%clk 0:09:07]} 32. Rc2
{[%clk 1:05:50]} Qc5+ {[%clk 0:06:35]} 33. Qxc5 {[%clk 1:05:50]} Rxc5 {[%clk
0:06:35]} 34. Rb6 {[%clk 1:05:23]} Rxa5 {[%clk 0:04:02]} 35. Rxd6 {[%clk
1:04:54]} Rc5 {[%clk 0:04:02]} 36. Nf6+ {[%clk 1:03:28]} Kh8 37. Nd7 {[%clk
1:02:01]} Bf8 38. Rd1 {[%clk 0:59:31]} Ra5 39. c5 {[%clk 0:59:01]} Rxd7 40. Rxd7
{[%clk 0:59:01]} Bxc5+ 41. Kh2 {[%clk 0:59:01]} b6 42. Rd5 {[%clk 0:59:01]} Kg7
43. Kg3 {[%clk 0:58:31]} h5 44. h4 {[%clk 0:58:31]} Rb5 45. Rcd2 {[%clk 0:58:01]}
a5 46. Kh3 {[%clk 0:57:32]} 1-0

[Event "Campeonato España Sub 12"]
[Site "Salobreña"]
[Date "2017.07.15"]
[Round "9"]
[White "Castillo Dalmau, Arnau"]
[Black "Lopez Nunez, Alonso"]
[Result "1-0"]
[Board "12"]
[WhiteClock "1:30"]
[WhiteElo "1650"]
[WhiteCountry "ESP"]
[WhiteFideId "32092725"]
[WhiteEloChange "4"]
[BlackClock "1:30"]
[BlackElo "1388"]
[BlackCountry "ESP"]
[BlackFideId "24544213"]
[BlackEloChange "-4"]

1. e4 {[%clk 1:30:00]} c5 {[%clk 1:30:00]} 2. Nf3 {[%clk 1:31:00]} Nc6 {[%clk
1:31:00]} 3. c4 {[%clk 1:31:00]} g6 {[%clk 1:30:27]} 4. d4 {[%clk 1:30:00]} cxd4
{[%clk 1:30:27]} 5. Nxd4 {[%clk 1:29:30]} Bg7 {[%clk 1:32:00]} 6. Be3 {[%clk
1:29:00]} d6 {[%clk 1:32:00]} 7. Nc3 {[%clk 1:28:30]} Nf6 {[%clk 1:31:27]} 8. f3
{[%clk 1:26:00]} O-O {[%clk 1:31:00]} 9. Be2 {[%clk 1:25:00]} Bd7 {[%clk
1:30:00]} 10. Qd2 {[%clk 1:24:00]} Rc8 {[%clk 1:29:00]} 11. O-O {[%clk 1:23:00]}
Qc7 {[%clk 1:28:29]} 12. Rac1 {[%clk 1:21:00]} Rfe8 {[%clk 1:26:00]} 13. Rfd1
{[%clk 1:20:00]} Nxd4 {[%clk 1:19:00]} 14. Bxd4 {[%clk 1:18:00]} a6 {[%clk
1:17:00]} 15. Bxf6 {[%clk 1:14:00]} Bxf6 {[%clk 1:17:00]} 16. Nd5 {[%clk
1:14:00]} Qc5+ {[%clk 1:16:30]} 17. Kh1 {[%clk 1:12:00]} Bg7 {[%clk 1:15:59]} 18.
b4 {[%clk 1:07:00]} Qa7 {[%clk 1:15:00]} 19. c5 {[%clk 0:56:00]} dxc5 {[%clk
1:08:00]} 20. bxc5 {[%clk 0:55:32]} Be6 {[%clk 1:03:00]} 21. Nb6 {[%clk 0:50:00]}
Rcd8 {[%clk 1:02:30]} 22. Qxd8 {[%clk 0:50:00]} Rxd8 {[%clk 1:02:30]} 23. Rxd8+
{[%clk 0:50:00]} Bf8 {[%clk 1:04:00]} 24. Ra8 {[%clk 0:50:00]} Qxa8 {[%clk
1:02:00]} 25. Nxa8 {[%clk 0:51:00]} Bxa2 {[%clk 1:02:00]} 26. c6 {[%clk 0:49:00]}
bxc6 {[%clk 1:01:31]} 27. Rxc6 {[%clk 0:50:00]} a5 {[%clk 1:01:01]} 28. Ra6
{[%clk 0:49:00]} a4 {[%clk 1:01:01]} 29. Rxa4 {[%clk 0:49:00]} Bb3 {[%clk
1:00:37]} 30. Rb4 {[%clk 0:50:00]} Bc2 {[%clk 1:00:37]} 31. Rb8 {[%clk 0:49:00]}
Kg7 {[%clk 1:03:00]} 32. Nb6 {[%clk 0:46:00]} e6 {[%clk 1:02:00]} 33. Rc8 {[%clk
0:44:00]} Bb1 {[%clk 1:01:29]} 34. Rc1 {[%clk 0:44:00]} Ba2 {[%clk 1:01:29]} 35.
Bc4 {[%clk 0:43:00]} Bxc4 {[%clk 1:01:00]} 36. Rxc4 {[%clk 0:43:00]} Bd6 {[%clk
1:00:28]} 37. Kg1 {[%clk 0:42:00]} Bb8 {[%clk 1:02:00]} 38. Nd7 {[%clk 0:42:00]}
Bd6 {[%clk 1:01:27]} 39. Kf2 {[%clk 0:42:00]} Ba3 {[%clk 1:00:52]} 40. e5 {[%clk
0:40:00]} Bb2 {[%clk 1:00:52]} 41. f4 {[%clk 0:39:29]} h6 {[%clk 1:00:24]} 42.
Kf3 {[%clk 0:39:00]} g5 {[%clk 1:00:24]} 43. g3 {[%clk 0:38:34]} Kg6 {[%clk
0:59:56]} 44. Nf6 {[%clk 0:38:00]} gxf4 {[%clk 0:59:18]} 45. gxf4 {[%clk
0:38:00]} Kf5 {[%clk 0:59:18]} 46. Rc7 {[%clk 0:36:38]} Kg6 {[%clk 0:59:18]} 47.
Kg4 {[%clk 0:36:38]} Ba1 {[%clk 1:00:00]} 48. Rc8 {[%clk 0:36:03]} h5+ {[%clk
1:00:00]} 49. Nxh5 {[%clk 0:35:35]} Bb2 {[%clk 1:00:00]} 50. Rg8+ {[%clk
0:37:00]} Kh7 {[%clk 1:01:00]} 51. Rg7+ {[%clk 0:38:00]} Kh8 {[%clk 0:37:00]} 52.
Rxf7 {[%clk 1:01:00]} Ba1 {[%clk 0:38:00]} 53. Nf6 {[%clk 1:00:00]} Bxe5 {[%clk
1:01:00]} 54. Rh7# {[%clk 1:00:00]} 1-0

[Event "Campeonato España Sub 12"]
[Site "Salobreña"]
[Date "2017.07.15"]
[Round "9"]
[White "Vergara Anton, Diego"]
[Black "Periotto Miori, Lautaro"]
[Result "1/2-1/2"]
[Board "13"]
[WhiteClock "1:30"]
[WhiteElo "1628"]
[WhiteCountry "ESP"]
[WhiteFideId "24524310"]
[WhiteEloChange "-7"]
[BlackClock "1:30"]
[BlackElo "1332"]
[BlackCountry "ESP"]
[BlackFideId "24516511"]
[BlackEloChange "7"]

1. d4 {[%clk 1:30:00]} d5 {[%clk 1:30:00]} 2. c4 {[%clk 1:31:00]} e6 {[%clk
1:31:00]} 3. Nf3 {[%clk 1:31:00]} c6 {[%clk 1:31:00]} 4. g3 {[%clk 1:30:27]} dxc4
{[%clk 1:31:00]} 5. Bg2 {[%clk 1:29:58]} b5 {[%clk 1:31:00]} 6. Ne5 {[%clk
1:28:00]} Bb7 {[%clk 1:28:00]} 7. O-O {[%clk 1:24:00]} Nf6 {[%clk 1:26:00]} 8.
Nc3 {[%clk 1:14:00]} Nd5 {[%clk 1:18:00]} 9. Ne4 {[%clk 1:12:29]} Nd7 {[%clk
1:19:00]} 10. Nxd7 {[%clk 1:07:00]} Qxd7 {[%clk 1:19:00]} 11. Bd2 {[%clk
1:06:00]} Rc8 {[%clk 1:10:00]} 12. e3 {[%clk 1:02:00]} a6 {[%clk 1:02:00]} 13.
Qe2 {[%clk 0:58:00]} Qd8 {[%clk 0:55:00]} 14. Rac1 {[%clk 0:53:00]} Qb6 {[%clk
0:50:00]} 15. Rfd1 {[%clk 0:49:00]} Be7 {[%clk 0:46:00]} 16. a3 {[%clk 0:45:00]}
O-O {[%clk 0:45:00]} 17. Qe1 {[%clk 0:37:00]} Qa7 {[%clk 0:44:00]} 18. Bb4 {[%clk
0:33:00]} Bxb4 {[%clk 0:40:00]} 19. axb4 {[%clk 0:33:00]} Rfd8 {[%clk 0:39:00]}
20. Ra1 {[%clk 0:32:30]} Qb6 {[%clk 0:37:00]} 21. Ra3 {[%clk 0:30:00]} h6 {[%clk
0:36:00]} 22. Rda1 {[%clk 0:28:33]} Ra8 {[%clk 0:36:00]} 23. Nc5 {[%clk 0:28:00]}
Ra7 {[%clk 0:30:00]} 24. Bxd5 {[%clk 0:26:00]} cxd5 {[%clk 0:30:00]} 25. Qe2
{[%clk 0:25:00]} Rd6 {[%clk 0:28:00]} 26. Qg4 {[%clk 0:24:00]} Bc8 {[%clk
0:27:00]} 27. Qf4 {[%clk 0:23:00]} Ra8 {[%clk 0:23:00]} 28. Qg4 {[%clk 0:21:00]}
Ra7 {[%clk 0:23:00]} 29. Qd1 {[%clk 0:22:00]} Qd8 {[%clk 0:21:00]} 30. Qf3 {[%clk
0:21:00]} Kh8 {[%clk 0:20:00]} 31. R1a2 {[%clk 0:21:00]} Kg8 {[%clk 0:18:30]} 32.
Qd1 {[%clk 0:21:00]} Qb6 {[%clk 0:19:20]} 33. Qc2 {[%clk 0:20:29]} Qd8 {[%clk
0:17:53]} 34. Qb1 {[%clk 0:19:59]} Kh8 {[%clk 0:17:51]} 35. Qa1 {[%clk 0:18:28]}
Qb6 {[%clk 0:18:04]} 36. Ra5 {[%clk 0:18:28]} Kg8 {[%clk 0:18:05]} 37. Qd1 {[%clk
0:18:28]} Kh8 {[%clk 0:17:57]} 38. Qf3 {[%clk 0:18:28]} Kg8 {[%clk 0:17:36]} 39.
Qf4 {[%clk 0:22:00]} Rc6 {[%clk 0:17:28]} 40. Qh4 {[%clk 0:21:00]} Rd6 {[%clk
0:17:22]} 41. Qg4 {[%clk 0:20:31]} Rc6 {[%clk 0:17:25]} 42. Qf3 {[%clk 0:20:31]}
Rd6 {[%clk 0:17:18]} 43. e4 {[%clk 0:20:31]} Rd8 {[%clk 0:17:18]} 1/2-1/2

[Event "Campeonato España Sub 12"]
[Site "Salobreña"]
[Date "2017.07.15"]
[Round "9"]
[White "Sureda Gonzalez, Miquel"]
[Black "Roca Planas, Edgar"]
[Result "0-1"]
[Board "14"]
[WhiteClock "1:30"]
[WhiteElo "1265"]
[WhiteCountry "ESP"]
[WhiteFideId "24564680"]
[WhiteEloChange "-3"]
[BlackClock "1:30"]
[BlackElo "1578"]
[BlackCountry "ESP"]
[BlackFideId "24561290"]
[BlackEloChange "3"]

1. e4 {[%clk 1:30:00]} c6 {[%clk 1:30:00]} 2. d4 {[%clk 1:31:00]} g6 {[%clk
1:31:00]} 3. Nc3 {[%clk 1:30:27]} d5 {[%clk 1:31:00]} 4. e5 {[%clk 1:30:27]} Bg7
{[%clk 1:30:00]} 5. f4 {[%clk 1:30:00]} h5 {[%clk 1:30:00]} 6. Nf3 {[%clk
1:29:30]} Bg4 {[%clk 1:30:00]} 7. h3 {[%clk 1:28:58]} Bxf3 {[%clk 1:31:00]} 8.
Qxf3 {[%clk 1:28:58]} e6 {[%clk 1:31:00]} 9. g3 {[%clk 1:31:00]} Nh6 {[%clk
1:27:00]} 10. Bd3 {[%clk 1:30:00]} Nd7 {[%clk 1:25:00]} 11. Bd2 {[%clk 1:26:00]}
Nf5 {[%clk 1:24:00]} 12. Bxf5 {[%clk 1:25:30]} gxf5 {[%clk 1:24:00]} 13. O-O-O
{[%clk 1:25:01]} Qb6 {[%clk 1:09:00]} 14. Qf2 {[%clk 1:22:00]} O-O-O {[%clk
1:06:00]} 15. Rhg1 {[%clk 1:19:00]} Rdg8 {[%clk 1:01:00]} 16. g4 {[%clk 1:17:00]}
hxg4 {[%clk 0:58:00]} 17. hxg4 {[%clk 1:16:29]} fxg4 {[%clk 0:58:00]} 18. Rxg4
{[%clk 1:16:29]} Bf8 {[%clk 0:56:00]} 19. Rdg1 {[%clk 1:14:00]} Rxg4 {[%clk
0:55:29]} 20. Rxg4 {[%clk 1:14:00]} Kd8 {[%clk 0:50:00]} 21. Rg1 {[%clk 1:00:00]}
c5 {[%clk 0:44:00]} 22. Be3 {[%clk 0:55:00]} cxd4 {[%clk 0:39:00]} 23. Bxd4
{[%clk 0:54:28]} Bc5 {[%clk 0:38:00]} 24. Bxc5 {[%clk 0:51:00]} Nxc5 {[%clk
0:37:00]} 25. Qe1 {[%clk 0:48:00]} Rh3 {[%clk 0:34:00]} 26. Rg7 {[%clk 0:42:00]}
Ke7 {[%clk 0:22:00]} 27. f5 {[%clk 0:39:00]} Nd7 {[%clk 0:15:55]} 28. f6+ {[%clk
0:38:00]} Kf8 {[%clk 0:14:06]} 29. Qe2 {[%clk 0:35:00]} a6 {[%clk 0:10:37]} 30.
Rg8+ {[%clk 0:25:00]} Kxg8 {[%clk 0:11:00]} 31. Qg4+ {[%clk 0:25:00]} Kf8 {[%clk
0:11:18]} 32. Qxh3 {[%clk 0:25:00]} Qg1+ {[%clk 0:11:31]} 33. Nd1 {[%clk
0:23:29]} Qg5+ {[%clk 0:11:47]} 34. Kb1 {[%clk 0:23:29]} Nxe5 {[%clk 0:11:40]}
35. Qh8+ {[%clk 0:22:00]} Qg8 {[%clk 0:11:59]} 36. Qh3 {[%clk 0:23:00]} Ke8
{[%clk 0:10:07]} 37. Qc3 {[%clk 0:22:28]} Nc6 {[%clk 0:10:27]} 38. Qc5 {[%clk
0:22:00]} Qg4 {[%clk 0:09:19]} 39. Kc1 {[%clk 0:18:04]} Qg5+ {[%clk 0:08:42]} 40.
Qe3 {[%clk 0:18:18]} Qxf6 {[%clk 0:08:14]} 41. b3 {[%clk 0:14:42]} Qe5 {[%clk
0:06:52]} 42. Qb6 {[%clk 0:13:00]} Qa1+ {[%clk 0:06:56]} 43. Kd2 {[%clk 0:13:10]}
Qd4+ {[%clk 0:07:21]} 44. Ke1 {[%clk 0:12:11]} 0-1

[Event "Campeonato España Sub 12"]
[Site "Salobreña"]
[Date "2017.07.15"]
[Round "9"]
[White "Valenzuela Fernandez, Alejandro"]
[Black "Rivero Castellano, Carlos Jesus"]
[Result "1/2-1/2"]
[Board "15"]
[WhiteClock "1:30"]
[WhiteElo "1568"]
[WhiteCountry "ESP"]
[WhiteFideId "24538418"]
[WhiteEloChange "-7"]
[BlackClock "1:30"]
[BlackElo "1263"]
[BlackCountry "ESP"]
[BlackFideId "24562491"]
[BlackEloChange "7"]

1. b3 {[%clk 1:30:00]} Nc6 {[%clk 1:29:00]} 2. Bb2 {[%clk 1:30:00]} d5 {[%clk
1:27:00]} 3. e3 {[%clk 1:31:00]} Bf5 {[%clk 1:26:00]} 4. Bb5 {[%clk 1:31:00]} Qd7
{[%clk 1:25:30]} 5. d3 {[%clk 1:30:00]} a6 {[%clk 1:25:01]} 6. Bxc6 {[%clk
1:31:00]} Qxc6 {[%clk 1:25:01]} 7. Nf3 {[%clk 1:31:00]} O-O-O {[%clk 1:23:00]} 8.
Ne5 {[%clk 1:30:00]} Qe8 {[%clk 1:23:00]} 9. Qh5 {[%clk 1:28:00]} Bg6 {[%clk
1:22:00]} 10. Nxg6 {[%clk 1:28:00]} fxg6 {[%clk 1:22:00]} 11. Qg4+ {[%clk
1:26:00]} e6 {[%clk 1:21:31]} 12. Qf3 {[%clk 1:22:00]} Ne7 {[%clk 1:21:00]} 13.
Nd2 {[%clk 1:21:00]} Nc6 {[%clk 1:20:00]} 14. a3 {[%clk 1:20:00]} Qd7 {[%clk
1:19:28]} 15. O-O {[%clk 1:19:30]} Bd6 {[%clk 1:18:58]} 16. c4 {[%clk 1:16:00]}
dxc4 {[%clk 1:17:00]} 17. Nxc4 {[%clk 1:15:29]} Rdf8 {[%clk 1:08:00]} 18. Qe4
{[%clk 1:15:00]} Rf7 {[%clk 1:08:00]} 19. Be5 {[%clk 1:14:00]} Bxe5 {[%clk
1:05:00]} 20. Nxe5 {[%clk 1:13:29]} Nxe5 {[%clk 1:06:00]} 21. Qxe5 {[%clk
1:13:29]} Rhf8 {[%clk 1:03:00]} 22. h3 {[%clk 1:13:00]} Rf5 {[%clk 1:02:00]} 23.
Qc3 {[%clk 1:11:00]} e5 {[%clk 1:00:00]} 24. Rac1 {[%clk 1:10:00]} c6 {[%clk
1:00:00]} 25. Rcd1 {[%clk 1:03:00]} Rg5 {[%clk 0:59:00]} 26. Kh2 {[%clk 1:02:00]}
Rh5 {[%clk 0:58:31]} 27. Qb4 {[%clk 1:01:00]} Rf3 {[%clk 0:56:00]} 28. g4 {[%clk
0:59:00]} Rhxh3+ {[%clk 0:53:00]} 29. Kg2 {[%clk 0:58:22]} Qc7 {[%clk 0:50:00]}
30. Rh1 {[%clk 0:57:53]} Rxh1 {[%clk 0:50:00]} 31. Rxh1 {[%clk 0:57:53]} Qf7
{[%clk 0:49:30]} 32. Qd2 {[%clk 0:57:17]} 1/2-1/2

[Event "Campeonato España Sub 12"]
[Site "Salobreña"]
[Date "2017.07.15"]
[Round "9"]
[White "Perez Guerra, Raul"]
[Black "Garrido Diaz, Ernesto"]
[Result "1/2-1/2"]
[Board "16"]
[WhiteClock "1:30"]
[WhiteElo "1951"]
[WhiteCountry "ESP"]
[WhiteFideId "32078188"]
[WhiteEloChange "-8"]
[BlackClock "1:30"]
[BlackElo "1554"]
[BlackCountry "ESP"]
[BlackFideId "24516244"]
[BlackEloChange "8"]

1. e4 {[%clk 1:30:00]} e6 {[%clk 1:30:00]} 2. d4 {[%clk 1:31:00]} d5 {[%clk
1:31:00]} 3. e5 {[%clk 1:30:27]} c5 {[%clk 1:31:00]} 4. c3 {[%clk 1:30:27]} Qb6
{[%clk 1:31:00]} 5. Nf3 {[%clk 1:29:58]} Nc6 {[%clk 1:32:00]} 6. a3 {[%clk
1:30:00]} Nh6 {[%clk 1:32:00]} 7. b4 {[%clk 1:29:29]} cxd4 {[%clk 1:31:30]} 8.
cxd4 {[%clk 1:29:29]} Nf5 {[%clk 1:30:58]} 9. Bb2 {[%clk 1:29:29]} Bd7 {[%clk
1:31:00]} 10. Be2 {[%clk 1:29:00]} Be7 {[%clk 1:31:00]} 11. O-O {[%clk 1:28:00]}
h5 {[%clk 1:30:00]} 12. Qd3 {[%clk 1:27:00]} g5 {[%clk 1:28:00]} 13. Rd1 {[%clk
1:26:00]} Rc8 {[%clk 1:26:00]} 14. Ne1 {[%clk 1:24:00]} a6 {[%clk 1:23:00]} 15.
Nc2 {[%clk 1:20:00]} g4 {[%clk 1:20:00]} 16. Nc3 {[%clk 1:18:00]} Na5 {[%clk
1:16:00]} 17. Rab1 {[%clk 1:13:00]} Nc4 {[%clk 1:15:00]} 18. Ba1 {[%clk 1:10:00]}
Rg8 {[%clk 1:06:00]} 19. Rb3 {[%clk 1:05:00]} h4 {[%clk 0:56:00]} 20. Ne3 {[%clk
1:03:00]} Ncxe3 {[%clk 0:54:00]} 21. fxe3 {[%clk 1:02:00]} Bg5 {[%clk 0:53:26]}
22. e4 {[%clk 0:55:00]} dxe4 {[%clk 0:52:00]} 23. Qxe4 {[%clk 0:56:00]} Bc6
{[%clk 0:51:00]} 24. Qd3 {[%clk 0:55:00]} Be3+ {[%clk 0:43:00]} 25. Kf1 {[%clk
0:54:00]} Bxd4 {[%clk 0:42:00]} 26. Ne4 {[%clk 0:53:29]} Bxe4 {[%clk 0:41:00]}
27. Bxd4 {[%clk 0:53:00]} Nxd4 {[%clk 0:36:00]} 28. Qxd4 {[%clk 0:52:29]} Qxd4
{[%clk 0:36:00]} 29. Rxd4 {[%clk 0:52:02]} Bd5 {[%clk 0:35:00]} 30. Rbd3 {[%clk
0:52:00]} h3 {[%clk 0:34:00]} 31. g3 {[%clk 0:50:00]} Rc1+ {[%clk 0:32:00]} 32.
Rd1 {[%clk 0:49:00]} Rc2 {[%clk 0:31:29]} 33. R1d2 {[%clk 0:48:00]} Rc1+ {[%clk
0:31:29]} 34. Rd1 {[%clk 0:48:00]} Rc2 {[%clk 0:31:29]} 35. R1d2 {[%clk 0:47:31]}
Rc1+ {[%clk 0:30:03]} 36. Rd1 {[%clk 0:47:31]} 1/2-1/2

[Event "Campeonato España Sub 12"]
[Site "Salobreña"]
[Date "2017.07.15"]
[Round "9"]
[White "Aguado Doncel, Pablo Luis"]
[Black "Bernado Lopez, Roger"]
[Result "1/2-1/2"]
[Board "17"]
[WhiteClock "1:30"]
[WhiteElo "1766"]
[WhiteCountry "ESP"]
[WhiteFideId "24538256"]
[WhiteEloChange "-6"]
[BlackClock "1:30"]
[BlackElo "1499"]
[BlackCountry "ESP"]
[BlackFideId "24585009"]
[BlackEloChange "6"]

1. d4 {[%clk 1:30:00]} d5 {[%clk 1:30:00]} 2. c4 {[%clk 1:31:00]} c6 {[%clk
1:31:00]} 3. Nc3 {[%clk 1:31:00]} Nf6 {[%clk 1:31:00]} 4. e3 {[%clk 1:30:27]} e6
{[%clk 1:32:00]} 5. Nf3 {[%clk 1:29:58]} Nbd7 {[%clk 1:32:00]} 6. Qc2 {[%clk
1:30:00]} Bd6 {[%clk 1:32:00]} 7. b3 {[%clk 1:29:29]} O-O {[%clk 1:31:30]} 8. Bb2
{[%clk 1:29:29]} Re8 {[%clk 1:18:00]} 9. Bd3 {[%clk 1:29:00]} dxc4 {[%clk
1:17:00]} 10. bxc4 {[%clk 1:28:00]} e5 {[%clk 1:17:00]} 11. O-O {[%clk 1:27:30]}
Qe7 {[%clk 1:15:00]} 12. Ng5 {[%clk 1:27:00]} h6 {[%clk 1:07:00]} 13. Nge4 {[%clk
1:26:00]} Bc7 {[%clk 0:56:00]} 14. Ng3 {[%clk 1:23:00]} Nb6 {[%clk 0:50:00]} 15.
a4 {[%clk 1:19:00]} a5 {[%clk 0:49:00]} 16. Ba3 {[%clk 1:20:00]} Qd8 {[%clk
0:48:29]} 17. c5 {[%clk 1:17:00]} Nbd5 {[%clk 0:48:00]} 18. Nxd5 {[%clk 1:17:00]}
Nxd5 {[%clk 0:48:00]} 19. Bc4 {[%clk 1:16:00]} exd4 {[%clk 0:45:00]} 20. exd4
{[%clk 1:16:00]} Qg5 {[%clk 0:40:00]} 21. Rae1 {[%clk 1:14:00]} Bd7 {[%clk
0:37:00]} 22. Bc1 {[%clk 1:13:00]} Bf4 {[%clk 0:31:00]} 23. Bxf4 {[%clk 1:12:00]}
Nxf4 {[%clk 0:31:00]} 24. Qb3 {[%clk 1:11:29]} Be6 {[%clk 0:28:00]} 25. Bxe6
{[%clk 1:09:00]} Nxe6 {[%clk 0:27:00]} 26. Qe3 {[%clk 1:06:00]} Qxe3 {[%clk
0:25:00]} 27. fxe3 {[%clk 1:07:00]} Ng5 {[%clk 0:22:00]} 28. Re2 {[%clk 1:06:00]}
g6 {[%clk 0:21:00]} 29. Rb1 {[%clk 1:05:00]} Re7 {[%clk 0:19:07]} 30. Rb3 {[%clk
1:04:00]} Rae8 {[%clk 0:17:44]} 31. Kf2 {[%clk 1:04:00]} Kg7 {[%clk 0:17:11]} 32.
Reb2 {[%clk 1:03:32]} Ne4+ {[%clk 0:13:38]} 33. Nxe4 {[%clk 1:03:00]} Rxe4 {[%clk
0:14:05]} 34. Rxb7 {[%clk 1:02:00]} Rxe3 {[%clk 0:14:34]} 35. Ra7 {[%clk
1:01:00]} Rd3 {[%clk 0:13:41]} 36. Rbb7 {[%clk 0:50:00]} Rd2+ {[%clk 0:14:02]}
37. Kg3 {[%clk 0:48:00]} Rd3+ {[%clk 0:13:55]} 38. Kf2 {[%clk 0:44:00]} Rd2+
{[%clk 0:13:42]} 39. Kg3 {[%clk 0:44:00]} Rd3+ {[%clk 0:12:10]} 1/2-1/2

[Event "Campeonato España Sub 12"]
[Site "Salobreña"]
[Date "2017.07.15"]
[Round "9"]
[White "Tabuenca Mendataurigoitia, Pedro"]
[Black "Jimenez Munoz, Nicolas"]
[Result "0-1"]
[Board "18"]
[WhiteClock "1:30"]
[WhiteElo "1451"]
[WhiteCountry "ESP"]
[WhiteFideId "24515167"]
[WhiteEloChange "-4"]
[BlackClock "1:30"]
[BlackElo "1709"]
[BlackCountry "ESP"]
[BlackFideId "32092172"]
[BlackEloChange "4"]

1. e4 {[%clk 1:30:00]} c5 {[%clk 1:30:00]} 2. Nc3 {[%clk 1:31:00]} Nc6 {[%clk
1:31:00]} 3. Bb5 {[%clk 1:31:00]} a6 {[%clk 1:21:00]} 4. Bxc6 {[%clk 1:30:00]}
bxc6 {[%clk 1:20:00]} 5. f4 {[%clk 1:30:00]} g6 {[%clk 1:19:30]} 6. Nf3 {[%clk
1:29:30]} Bg7 {[%clk 1:19:00]} 7. d3 {[%clk 1:29:30]} e6 {[%clk 1:19:00]} 8. O-O
{[%clk 1:29:00]} Ne7 {[%clk 1:20:00]} 9. Qe1 {[%clk 1:27:00]} d5 {[%clk 1:18:00]}
10. Qg3 {[%clk 1:13:00]} O-O {[%clk 1:17:00]} 11. Ng5 {[%clk 0:54:00]} h6 {[%clk
1:10:00]} 12. Nf3 {[%clk 0:46:00]} Bd7 {[%clk 1:09:00]} 13. Nh4 {[%clk 0:39:00]}
Qc7 {[%clk 1:03:00]} 14. Na4 {[%clk 0:37:00]} Qa5 {[%clk 1:01:00]} 15. f5 {[%clk
0:28:00]} exf5 {[%clk 0:59:00]} 16. exf5 {[%clk 0:28:00]} Nxf5 {[%clk 0:58:00]}
17. Nxf5 {[%clk 0:27:30]} Bxf5 {[%clk 0:58:00]} 18. Rxf5 {[%clk 0:29:00]} Qxa4
{[%clk 0:59:00]} 19. Rf4 {[%clk 0:28:28]} Qxc2 {[%clk 0:55:00]} 20. Be3 {[%clk
0:19:20]} Qxd3 {[%clk 0:48:00]} 21. Bxc5 {[%clk 0:19:42]} Qxg3 {[%clk 0:48:00]}
22. hxg3 {[%clk 0:20:00]} Rfb8 {[%clk 0:44:00]} 23. Raf1 {[%clk 0:19:44]} Rb7
{[%clk 0:43:00]} 24. b3 {[%clk 0:19:59]} Bf8 {[%clk 0:41:00]} 25. Be3 {[%clk
0:20:00]} Re8 {[%clk 0:40:29]} 26. R4f3 {[%clk 0:20:00]} c5 {[%clk 0:39:00]} 27.
Rf6 {[%clk 0:19:31]} Rxe3 {[%clk 0:38:29]} 0-1